[Event "Juba olympiad qual"]
[Site "Juba"]
[Date "2022.05.14"]
[Round "6"]
[White "Wech, Adol Chol"]
[Black "Yuot Mabut, Deng Yal"]
[Result "1-0"]
[WhiteElo "1892"]
[BlackElo "2010"]
[PlyCount "86"]
[EventDate "2022.05.10"]
[EventType "tourn"]
[EventRounds "11"]
[EventCountry "SUD"]
[SourceTitle "CBM 208 Extra"]
[Source "ChessBase"]
[SourceDate "2022.07.31"]
[SourceVersion "1"]
[SourceVersionDate "2022.07.31"]
[SourceQuality "1"]

1. e4 c5 2. Nf3 e6 3. b3 Nf6 4. Nc3 Nc6 5. Bb2 a6 6. Be2 Be7 7. 0-0 0-0 8. Re1 d5 9. exd5 exd5 10. d4 cxd4 11. Nxd4 Bc5 12. Na4 Ba7 13. Nxc6 bxc6 14. Bd4 Bxd4 15. Qxd4 Bf5 16. Rac1 Re8 17. Nc5 Qa5 18. a4 Qb6 19. c3 Ra7 20. Bf1 h6 21. Rxe8+ Nxe8 22. b4 a5 23. Qe5 Be6 24. Nxe6 fxe6 25. Qxe6+ Kf8 26. Re1 Nf6 27. Bd3 Qc7 28. Bg6 Qd7 29. Qe5 Qd8 30. bxa5 Rxa5 31. Qe6 Ra7 32. Qxc6 Re7 33. Qc5 Qc7 34. Qb4 Ne8 35. Qxe7+ Qxe7 36. Rxe7 Kxe7 37. Bxe8 Kxe8 38. Kf1 Kd7 39. Ke2 Kc6 40. Kd3 Kc5 41. f4 g6 42. g4 h5 43. gxh5 gxh5 1-0

[Event "Juba olympiad qual"]
[Site "Juba"]
[Date "2022.05.10"]
[Round "1"]
[White "Joseph, Deng Ateny Riak"]
[Black "Yuot Mabut, Deng Yal"]
[Result "1-0"]
[WhiteElo "2023"]
[BlackElo "2010"]
[PlyCount "59"]
[EventDate "2022.05.10"]
[EventType "tourn"]
[EventRounds "11"]
[EventCountry "SUD"]
[SourceTitle "CBM 208 Extra"]
[Source "ChessBase"]
[SourceDate "2022.07.31"]
[SourceVersion "1"]
[SourceVersionDate "2022.07.31"]
[SourceQuality "1"]

1. e4 c5 2. c4 e6 3. Nc3 Nc6 4. g3 h5 5. h4 Be7 6. Bg2 Nf6 7. a3 Qc7 8. Nge2 a6 9. d3 Ng4 10. f3 Nf6 11. Be3 Bd6 12. Bf2 b6 13. Qd2 Na5 14. Qc2 Bb7 15. Rb1 Nc6 16. f4 Ng4 17. Bg1 g6 18. Nd1 0-0 19. Ne3 Nxe3 20. Bxe3 Be7 21. g4 hxg4 22. h5 Kg7 23. Qc3+ f6 24. hxg6 Rh8 25. Kd2 Kxg6 26. Rbf1 f5 27. Rxh8 Bf6 28. Rh6+ Kxh6 29. Qxf6+ Kh7 30. Rh1+ 1-0